Statistiques concernant Départements français les plus peuplés

Cliquez ici pour prendre le quiz!

Statistiques générales

  • Ce quiz a été pris 51 fois
  • Le résultat moyen est 7 sur 10

Statistiques - réponses

PopulationDépartement% Correct
2 133 111Paris
89%
2 056 943Bouches-du-Rhône
87%
2 611 293Nord
85%
1 893 692Rhône
85%
1 668 670Seine-Saint-Denis
81%
1 654 970Gironde
72%
1 635 291Hauts-de-Seine
62%
1 461 441Pas-de-Calais
62%
1 456 365Yvelines
62%
1 457 806Loire-Atlantique
45%

Distribution des résultats

Percentile par nombre de réponses

% des personnes avec chaque résultat

Votre développement - résultats

Vous n’avez pas pris ce quiz